Účtovné aspekty dlhodobého nehmotného majetku a dlhodobého hmotného majetku bakalárska práca

Saved in:
Bibliographic Details
Main Author: Dundeková, Katarína
Corporate Author: Fakulta hospodárskej informatiky EU. Katedra účtovníctva a audítorstva
Other Authors: Szász, Marek
Format: Book
Language:Slovak
Published: Bratislava 2010
Tags: Add Tag
No Tags, Be the first to tag this record!

MARC

LEADER 00000nam$a2200000$$$4500
001 0136732
005 20240320072840.9
041 0 |a slo 
044 |a SK 
245 1 0 |a Účtovné aspekty dlhodobého nehmotného majetku a dlhodobého hmotného majetku  |b bakalárska práca  |c Katarína Dundeková ; školiteľ: Marek Szász 
264 1 |a Bratislava  |c 2010 
300 |a 36 s. 
100 1 |a Dundeková, Katarína 
700 1 |a Szász, Marek 
710 2 |a Fakulta hospodárskej informatiky EU. Katedra účtovníctva a audítorstva